Evaluación Geoambiental del Vertedero Municipal de Cotuí y su Impacto sobre el suelo, acuíferos y Salud Pública / (Registro nro. 24182)

Detalles MARC
000 -LEADER
fixed length control field 03463nam a22002897a 4500
003 - CONTROL NUMBER IDENTIFIER
control field DO-CoUTE
005 - DATE AND TIME OF LATEST TRANSACTION
control field 20260511142510.0
008 - FIXED-LENGTH DATA ELEMENTS--GENERAL INFORMATION
fixed length control field 260511b dr ||||| |||| 00| 0 spa d
040 ## - CATALOGING SOURCE
Original cataloging agency DO-CoUTE
Language of cataloging spa
Transcribing agency DO-CoUTE
041 ## - LANGUAGE CODE
Language code of text/sound track or separate title spa
092 ## - LOCALLY ASSIGNED DEWEY CALL NUMBER (OCLC)
Classification number ING 2025 M65
100 1# - MAIN ENTRY--PERSONAL NAME
Personal name Monge Díaz, Arlin Esther
Relator term Sustentante
245 10 - TITLE STATEMENT
Title Evaluación Geoambiental del Vertedero Municipal de Cotuí y su Impacto sobre el suelo, acuíferos y Salud Pública /
Statement of responsibility, etc. Arlin Esther Monge Díaz, Jorge Luis Cruz Vásquez, Walker De Jesús Almonte, Anyileidy Yepez Antigua, Yostin Domingo Mercado Santos ; Asesor, Abel De Jesús Mota
260 ## - PUBLICATION, DISTRIBUTION, ETC.
Place of publication, distribution, etc. Cotuí, República Dominicana ;
Name of publisher, distributor, etc. UTECO,
Date of publication, distribution, etc. 2025
300 ## - PHYSICAL DESCRIPTION
Extent 69 Hojas :
Other physical details Imagenes ;
Dimensions 23cm,
Accompanying material + 1 CD-ROM
502 ## - DISSERTATION NOTE
Dissertation note Trabajo de Grado ( Ingeniero Civil) Universidad Tecnológica del Cibao Oriental, 2025
504 ## - BIBLIOGRAPHY, ETC. NOTE
Bibliography, etc. note Incluye referencia bibliográfica e índice.<br/>
520 ## - SUMMARY, ETC.
Summary, etc. El presente proyecto tuvo como objetivo realizar una evaluación geoambiental del<br/>vertedero municipal de Cotuí y su impacto sobre el suelo, acuíferos y salud pública; se<br/>efectuó en la comunidad de Platanal y se realizó desde septiembre 2025 hasta enero del<br/>2026. Su diseño fue no experimental, con un enfoque mixto, siendo de tipo documental,<br/>descriptiva y de campo.<br/>Como la población exacta no era conocida, se utilizó un muestreo por cuota. Para este<br/>estudio, se seleccionaron 30 moradores del sector y tres representantes de entidades locales<br/>(Ayuntamiento Municipal, Ministerio de Medio Ambiente y Salud Pública), sin emplear<br/>fórmulas específicas para la selección. Se utilizó el fichaje y el análisis de los datos; además<br/>se aplicó un cuestionario con preguntas cerradas para ser aplicado a los moradores de la<br/>cercanía al vertedero y otro de preguntas abiertas a autoridades del municipio, ambos fueron<br/>validados por el asesor y el jurado examinador del proyecto.<br/>xiv<br/>En el presente se presentaron los resultados en cuadros, además se discutieron las<br/>implicaciones de los hallazgos y su relación con la literatura existente. Se realizaron<br/>entrevistas a autoridades municipales, expertos ambientales y ciudadanos en general.<br/>Concluye que la ubicación actual del vertedero presenta un riesgo significativo de<br/>contaminación de las aguas subterráneas, ya que carece de sistemas de impermeabilización<br/>de fondo y de captación y tratamiento de lixiviados, elementos cruciales para la protección<br/>de los acuíferos. Tiene parámetros contaminantes críticos, incluyendo coliformes fecales y<br/>metales pesados.<br/>Hay familiares con problemas respiratorios frecuentes y malestares estomacales en<br/>niños; de acuerdo a los moradores de Platanal existe una profunda inquietud sobre la posible<br/>contaminación de su comida o agua y la operación del vertedero ha afectado la paz familiar;<br/>aunque el Ministerio de Salud Pública indicó que no ha detectado casos de enfermedades<br/>en las zonas próximas al vertedero que pudieran estar directamente relacionadas con la<br/>polución.
650 #4 - SUBJECT ADDED ENTRY--TOPICAL TERM
Topical term or geographic name entry element Evaluación Geoambiental
700 1# - ADDED ENTRY--PERSONAL NAME
Personal name Arlin Esther Monge Díaz
Relator term Sustentante
700 1# - ADDED ENTRY--PERSONAL NAME
Personal name Jorge Luis Cruz Vásquez
Relator term Sustentante
700 1# - ADDED ENTRY--PERSONAL NAME
Personal name Walker De Jesús Almonte
Relator term Sustentante
700 1# - ADDED ENTRY--PERSONAL NAME
Personal name Abel De Jesús Mota
Relator term Asesor
830 ## - SERIES ADDED ENTRY--UNIFORM TITLE
Uniform title Tesis y disertaciones académicas (Universidad Tecnológica del Cibao Oriental)
856 ## - ELECTRONIC LOCATION AND ACCESS
Link text Haga Click Aquí para Descargar en Texto Completo
942 ## - ADDED ENTRY ELEMENTS (KOHA)
Source of classification or shelving scheme Dewey Decimal Classification
Koha item type Tesis
Existencias
Withdrawn status Lost status Source of classification or shelving scheme Damaged status Not for loan Collection code Home library Current library Shelving location Date acquired Inventory number Total Checkouts Full call number Barcode Date last seen Copy number Price effective from Koha item type
    Dewey Decimal Classification     e-Tesis (en CD) Biblioteca UTECO Biblioteca UTECO En Estantería 05/11/2026 24182   ING 2025 M65 24182 05/11/2026 Ej.1 05/11/2026 Tesis
© 2021 Derechos Reservados UTECO - Teléfono: +1 809-585-2291 - Correo electrónico: biblioteca@uteco.edu.do​  
Código postal 43000 ​​
Dirección: Avenida Universitaria No. 100, 
Cotuí, Provincia Sánchez Ramírez, República Dominicana - RNC: 404-00059-6